书目信息 |
| 题名: |
安全工程专业实践教程
|
|
| 作者: | 邵辉 , 葛秀坤 主编 | |
| 分册: | ||
| 出版信息: | 北京 中国质检出版社 2014 |
|
| 页数: | 313页 | |
| 开本: | 26cm | |
| 丛书名: | ||
| 单 册: | ||
| 中图分类: | X93 | |
| 科图分类: | ||
| 主题词: | 安全工程--高等教育--教材 , 安全工程 | |
| 电子资源: | ||
| ISBN: | 978-7-5026-3972-3 | |
| 000 | 00964nam0 2200265 450 | |
| 001 | 012015000060 | |
| 005 | 20150911082219.00 | |
| 010 | @a978-7-5026-3972-3@dCNY43.00 | |
| 100 | @a20140702d2014 em y0chiy50 ea | |
| 101 | 0 | @achi |
| 102 | @aCN@b110000 | |
| 105 | @aa z 000yy | |
| 106 | @ar | |
| 200 | 1 | @a安全工程专业实践教程@Aan quan gong cheng zhuan ye shi jian jiao cheng@f邵辉,葛秀坤主编 |
| 210 | @a北京@c中国质检出版社@c中国标准出版社@d2014 | |
| 215 | @a313页@c图@d26cm | |
| 300 | @a“十二五”普通高等教育规划教材 | |
| 330 | @a本书分专业课程实验、专业课程设计、专业实习、毕业设计(论文)四大部分共19章,分别对每一类实践教学课程设置的要求、主要内容、考核标准等进行了系统论述,并提供了一定的范例。 | |
| 606 | 0 | @a安全工程@x高等教育@j教材 |
| 606 | 0 | @a安全工程 |
| 690 | @aX93@v5 | |
| 701 | 0 | @a邵辉@Ashao hui@f(1955~)@4主编 |
| 701 | 0 | @a葛秀坤@Age xiu kun@c(女,@f1978~)@4主编 |
| 801 | 0 | @aCN@b碧洲教育@c20150716 |
| 905 | @a10447@f4@dX93@e18 | |
| 安全工程专业实践教程/邵辉,葛秀坤主编.-北京:中国质检出版社:中国标准出版社,2014 |
| 313页:图;26cm |
| “十二五”普通高等教育规划教材 |
| ISBN 978-7-5026-3972-3:CNY43.00 |
| 本书分专业课程实验、专业课程设计、专业实习、毕业设计(论文)四大部分共19章,分别对每一类实践教学课程设置的要求、主要内容、考核标准等进行了系统论述,并提供了一定的范例。 |
| ● |
| 相关链接 |
|
|
|
|
正题名:安全工程专业实践教程
索取号:X93/18
 
预约/预借
| 序号 | 登录号 | 条形码 | 馆藏地/架位号 | 状态 | 备注 |
| 1 | 0870765 | 208707657 | 第二样本阅览室/ [索取号:X93/18] | 在馆 | |
| 2 | 0870766 | 208707666 | 第三借阅区/ [索取号:X93/18] | 在馆 | |
| 3 | 0870767 | 208707675 | 第三借阅区/ [索取号:X93/18] | 在馆 | |
| 4 | 0870768 | 208707684 | 第三借阅区/ [索取号:X93/18] | 在馆 |